Objectors and the development and planning system in the UK. (Record no. 60981)

MARC details
000 -LEADER
fixed length control field 01163cam a2200205 4500
001 - CONTROL NUMBER
control field ABS61259
008 - FIXED-LENGTH DATA ELEMENTS--GENERAL INFORMATION
fixed length control field 000000n 000 0 eng u
035 ## - SYSTEM CONTROL NUMBER
System control number (Sirsi) u101878
100 ## - MAIN ENTRY--PERSONAL NAME
Personal name Evans, D.
245 ## - TITLE STATEMENT
Title Objectors and the development and planning system in the UK.
490 ## - SERIES STATEMENT
Series statement Wastes Management
Volume/sequential designation September 1999, 48-49(2)
520 ## - SUMMARY, ETC.
Summary, etc. Explains the ways in which decisions on waste or landfill proposals can be challenged by those who object to them. The two methods are by judicial review, which is discretionary, or by statutory challenge, which is not discretionary. In either case the court can only uphold or quash the decision challenged, and cannot substitute another decision. It will also be possible challenge decisions under the Human Rights Act 1998 when it comes into force, but at present it is necessary to petition the European Court to allege a breach of the European Convention on Human Rights.
650 ## - SUBJECT ADDED ENTRY--TOPICAL TERM
Topical term or geographic name entry element ENVIRONMENTAL IMPACT ASSESSMENTS
650 ## - SUBJECT ADDED ENTRY--TOPICAL TERM
Topical term or geographic name entry element ENVIRONMENTAL STATEMENTS
650 ## - SUBJECT ADDED ENTRY--TOPICAL TERM
Topical term or geographic name entry element PLANNING PERMISSION
650 ## - SUBJECT ADDED ENTRY--TOPICAL TERM
Topical term or geographic name entry element WASTE MANAGEMENT
650 ## - SUBJECT ADDED ENTRY--TOPICAL TERM
Topical term or geographic name entry element LANDFILL SITES
690 ## - LOCAL SUBJECT ADDED ENTRY--TOPICAL TERM (OCLC, RLIN)
Topical term or geographic name as entry element PLANNING LAW AND PRACTICE
942 ## - ADDED ENTRY ELEMENTS (KOHA)
Suppress in OPAC 0
Holdings
Withdrawn status Lost status Source of classification or shelving scheme Damaged status Not for loan Home library Current library Shelving location Date acquired Total Checkouts Full call number Barcode Date last seen Copy number Price effective from Koha item type
    Dewey Decimal Classification     London London Journal article 12/11/1999   ABS61259 101878-1001 06/08/2019 1 06/08/2019 Journal article